Sports Quiz

Random Sports Quiz
Score 0/23 Timer 04:00
0 Plays Today
השנה המאמן % Correct
2018-2020ולדימיר איביץ'
94.8%
2012-2013אוסקר גרסיה
83.5%
2014-2014אוסקר גרסיה
83.5%
2013-2014פאולו סוזה
82.8%
2002-2005ניר קלינגר
79.9%
2017-2018ג'ורדי קרויף
74.9%
1996-2000אברם גרנט
72.2%
2009-2010אבי נימני
71.3%
2016-2016פטר בוס
64.8%
2000-2002ניר לוין
62.5%
2007-2008ניר לוין
62.5%
2011-2012ניר לוין
62.5%
השנה המאמן % Correct
2000שלמה שרף
58.2%
2014-2015פאקו
56.2%
2006-2007אלי כהן
52.8%
2011-2011מוטי איוניר
50.8%
2015-2015סלבישה יוקאנוביץ'
50.8%
2017-2017ליטו וידיגאל
46.4%
2016-2017שוטה ארבלדזה
45.9%
2010-2011יוסי מזרחי
42.7%
2005-2006טון קאנן
42.4%
2008-2008רן בן-שמעון
38.6%
2008-2009מרקו בלבול
19.2%
Remove Ads.
Support Sporcle.
Get the best of Sporcle when you Go Orange. This ad-free experience offers more features, more stats, and more fun while also helping to support Sporcle. Thank you for becoming a member.

You're not logged in!

Compare scores with friends on all Sporcle quizzes.
OR
Log In

Sporcle TV

Today on Sporcle TV


Watch our educational content, quiz creation guides, and fun videos on Sporcle TV.

Show Comments

Extras

Created Jul 9, 2020ReportNominate

Top Quizzes Today


Score Distribution

Paid Content

Your Account Isn't Verified!

In order to create a playlist on Sporcle, you need to verify the email address you used during registration. Go to your Sporcle Settings to finish the process.

Report this User

Report this user for behavior that violates our Community Guidelines.

Details: